| 000 | 00707nam a2200253Ia 4500 | ||
|---|---|---|---|
| 001 | 11346 | ||
| 003 | GE_BSU | ||
| 008 | 181216s||||||||xx |||||||||||||| ||und|| | ||
| 020 | _a9785713314170 | ||
| 040 | _cGE_BSU | ||
| 080 | _a341.8(075.8) | ||
| 100 | _aЛапин,Г.Э | ||
| 245 | _aКонсульская служба. | ||
| 245 | _bучебное пособие. | ||
| 245 | _cРед:Л.И.Гецелевич. | ||
| 250 | _a3-е изд; перераб и доп. | ||
| 260 | _aМосква. | ||
| 260 | _bМеждународнье отношения. | ||
| 260 | _c2012. | ||
| 300 | _a248стр;20см. | ||
| 541 | _h24л. | ||
| 653 | _aКонсульская служба. | ||
| 942 | _cBK | ||
| 999 |
_c44543 _d44543 |
||